|
|
|
|
| LEADER |
00000nab a2200000 a 4500 |
| 001 |
vtls000656860 |
| 003 |
SK-MaSNL |
| 005 |
20260304084125.0 |
| 008 |
250425c1998 xo 0 slo |
| 015 |
|
|
|a SNBRA1998/03-08340
|
| 035 |
|
|
|a CLN000009052
|
| 035 |
|
|
|a urn:nbn:sk:snk-ab2a6b
|
| 035 |
|
|
|a (urnnbn)urn:nbn:sk:snk:ar-a020k2
|
| 035 |
|
|
|a (uuid)8204c4f6-eeee-45a4-b4bb-a0e2bb7b335e
|
| 040 |
|
|
|a SNKBUCL
|b slo
|c SNKBUCL
|e AACR2
|
| 041 |
0 |
|
|a slo
|
| 044 |
|
|
|a xo
|c SK
|
| 080 |
|
|
|a 336.2(437.6)(091)
|2 1997
|
| 080 |
|
|
|a 340.13:336.224(437.6)
|2 1997
|
| 100 |
1 |
|
|a Grúň, L.
|4 aut
|9 901604
|
| 245 |
1 |
0 |
|a Vybrané kapitoly z histórie daňovej sústavy na Slovensku - prepychová daň
|c L. Grúň
|
| 504 |
|
|
|a Res. angl. Bibliogr. odkazy
|
| 650 |
0 |
7 |
|a dane
|x sústava daňová
|z Slovensko
|x dejiny
|2 snkbucl
|9 1376106
|
| 650 |
0 |
7 |
|a daň prepychová
|z Slovensko
|2 snkbucl
|9 1376107
|
| 655 |
|
7 |
|a články z novín a časopisov
|2 snkbucl
|9 267496
|
| 773 |
0 |
|
|t Právny obzor
|g Roč. 81, č. 1 (1998), s. 62-76
|x 0032-6984
|
| 850 |
|
|
|a Slovenská národná knižnica
|
| 852 |
|
|
|a Slovenská národná knižnica
|
| 954 |
|
|
|a odborná, vedecká literatúra pôvodná (slovenská)
|2 lita
|
| 958 |
|
|
|a article27
|
| 958 |
|
|
|a NB
|
| 958 |
|
|
|a SK
|
| 958 |
|
|
|a OND
|
| 958 |
|
|
|a EUIPO
|
| 992 |
|
|
|a RBX
|
| 999 |
|
|
|c 2802102
|d 2804032
|